Selecciones palesianas / (Record no. 94947)

MARC details
000 -LEADER
campo de control de longitud fija 00594nam a2200181 i 4500
001 - NÚMERO DE CONTROL
campo de control 94947
003 - IDENTIFICADOR DE NÚMERO DE CONTROL
campo de control ES-MaACL
005 - FECHA Y HORA DE LA ÚLTIMA TRANSACCIÓN
campo de control 20230906181609.0
007 - CAMPO FIJO DE DESCRIPCIÓN FÍSICA--INFORMACIÓN GENERAL
campo de control de longitud fija t|
008 - DATOS DE LONGITUD FIJA--INFORMACIÓN GENERAL
campo de control de longitud fija 050518s1981 pr ||||1| spa d
100 1# - ENTRADA PRINCIPAL--NOMBRE DE PERSONA
Nombre de persona Luiña de Latimer, Angelica.
9 (RLIN) 74675
245 10 - MENCIÓN DEL TÍTULO
Título Selecciones palesianas /
Mención de responsabilidad, etc. Angelica Luiña de Latimer, René Torres Delgado.
260 ## - PUBLICACIÓN, DISTRIBUCIÓN, ETC.
Lugar de publicación, distribución, etc. Puerto Rico :
Nombre del editor, distribuidor, etc. Carlos F. Mendoza Tió,
Fecha de publicación, distribución, etc. 1981.
300 ## - DESCRIPCIÓN FÍSICA
Extensión 48 p. ;
Dimensiones 28 cm.
500 ## - NOTA GENERAL
Materiales especificados Al margen: revista de las Artes. Suplemento Num. 2
700 1# - ENTRADA AGREGADA--NOMBRE PERSONAL
Nombre de persona Torres Delgado, René.
9 (RLIN) 110947
852 ## - LOCALIZACIÓN
Ubicación ES-MaACL
Número de control de estantería 2126-F-28
Sublocalización o colección R.105392
Holdings
Estatus retirado Estado de pérdida Estado de daño No para préstamo Colección Biblioteca de origen Biblioteca actual Ubicación en estantería Fecha de adquisición Fuente de adquisición Total de préstamos Signatura topográfica completa Código de barras Visto por última vez Precio de reemplazo Tipo de ítem Koha
        Colección de folletos Biblioteca del Ateneo de Madrid Biblioteca del Ateneo de Madrid Depósito folletos 17/01/2008     2126-F-28 1099154 23/02/2023 23/02/2023 Folleto